Normal view
MARC view
Entry Personal Name
001 - CONTROL NUMBER
- control field: 68119
003 - CONTROL NUMBER IDENTIFIER
- control field: dpl
005 - DATE AND TIME OF LATEST TRANSACTION
- control field: 20240704121055.0
008 - FIXED-LENGTH DATA ELEMENTS
- fixed length control field: 240704|| aca||aabn | a|a d
040 ## - CATALOGING SOURCE
- Original cataloging agency: dpl
- Transcribing agency: dpl
100 ## - HEADING--PERSONAL NAME
- Personal name: Ghoshal, Manoranjan
670 ## - SOURCE DATA FOUND
- Source citation: Work cat.: (dpl)203948: Ghoshal, Manoranjan, A Brief History of Active Force Of Big Bang:
